| 000 | 00728cam a2200253Ia 4500 | ||
|---|---|---|---|
| 001 | 53011622 | ||
| 003 | OCoLC | ||
| 005 | 20230613204009.0 | ||
| 008 | 030911s2000 ag a j 000 0 spa d | ||
| 020 | _a9505156030 | ||
| 020 | _a9789505156030 | ||
| 040 |
_aN94 _cN94 _dOCLCQ _dBAKER |
||
| 041 | _aspa | ||
| 092 | _aSPA 741.5 Quino | ||
| 092 | 0 |
_aJ 741.5 _bQu _221 |
|
| 100 | 0 | _aQuino. | |
| 245 | 1 | 0 |
_aMafalda _n3 / _cQuino. |
| 246 | _aMafalda three | ||
| 260 |
_aBuenos Aires, Argentina : _bRafael Caldaza : _bEdiciones de la flor, _c2000. |
||
| 300 |
_a1 v. (unpaged) : _bill. ; _c14 x 20 cm. |
||
| 650 | 0 |
_aComic books, strips, etc. _vJuvenile literature. |
|
| 650 | 0 | _aMafalda (Fictitious character : Quino) | |
| 942 | _cBK | ||
| 999 |
_c28166 _d28166 |
||